| 000 | 00638nam a2200181 a 4500 | ||
|---|---|---|---|
| 005 | 20210223122700.0 | ||
| 008 | 991125s1951 mx 000 0 spa u | ||
| 035 | _aUPN01000039736 | ||
| 049 | _aCG | ||
| 050 | 4 |
_aF2271 _bO7.4 |
|
| 100 | 1 | _aOrtega Ricaurte, Enrique | |
| 245 | 1 | 0 |
_aMisiones colombianas en los archivos europeos / _cEnrique Ortega Ricaurte. |
| 260 |
_aMéxico : _bInstituto Panamericano de Geografía e Historia, _c1951. |
||
| 300 | _a158 p. | ||
| 440 | 0 |
_aInstituto Panamericano de Geografía e Historia. _pComisión de Historia. _pPublicación ; _v33 |
|
| 651 | 4 |
_aCOLOMBIA - _xHISTORIA - _vFUENTES _910321 |
|
| 905 | _aLibro | ||
| 999 |
_c39736 _d39736 |
||